00181nam a2200085Ia 4500008004100000041000800041100001500049245002300064650000800087230605s9999 xx 000 0 und d aeng aCostantino aShots and Shooters aGEN